L'Europe des européens : sociologie de l'Europe occidentale /
Saved in:
| Main Author: | |
|---|---|
| Format: | Book |
| Language: | French |
| Published: |
Paris :
Gallimard,
c1997.
|
| Series: | Collection Folio/actuel ;
54 |
| Subjects: | |
| Tags: |
Add Tag
No Tags, Be the first to tag this record!
|
| LEADER | 00944nam a2200277 a 4500 | ||
|---|---|---|---|
| 001 | 007797376-3 | ||
| 005 | 20020606104010.5 | ||
| 008 | 971124s1997 fr a b 001 0 fre d | ||
| 010 | |a 97218708 | ||
| 020 | |a 2070746410 | ||
| 035 | 0 | |a ocm37116446 | |
| 040 | |a FPU |c FPU |d NYP |d GZM |d DLC | ||
| 042 | |a lccopycat | ||
| 043 | |a e------ | ||
| 050 | 0 | 0 | |a HN380.5.A8 |b M4 1997 |
| 100 | 1 | |a Mendras, Henri. | |
| 245 | 1 | 2 | |a L'Europe des européens : |b sociologie de l'Europe occidentale / |c Henri Mendras. |
| 260 | |a Paris : |b Gallimard, |c c1997. | ||
| 300 | |a 417 p. : |b ill. ; |c 18 cm. | ||
| 490 | 0 | |a Collection Folio/actuel ; |v 54 | |
| 504 | |a Includes bibliographical references (p. [403]-408) and index. | ||
| 651 | 0 | |a European Economic Community countries |x Social conditions. | |
| 651 | 0 | |a European Economic Community countries |x Economic conditions. | |
| 651 | 0 | |a European Economic Community countries |x Civilization. | |
| 988 | |a 20020608 | ||
| 906 | |0 OCLC | ||


